La torre de Londres (Record no. 171290)

MARC details
000 -LEADER
campo de control de longitud fija 00827nam a22001575i 4500
001 - NÚMERO DE CONTROL
campo de control 171290
003 - IDENTIFICADOR DE NÚMERO DE CONTROL
campo de control ES-MaACL
005 - FECHA Y HORA DE LA ÚLTIMA TRANSACCIÓN
campo de control 20230906214605.0
008 - DATOS DE LONGITUD FIJA--INFORMACIÓN GENERAL
campo de control de longitud fija 090508s1860 sp |||| | spa d
100 1# - ENTRADA PRINCIPAL--NOMBRE DE PERSONA
Nombre de persona Chas de Lamotte, Benito.
9 (RLIN) 38146
245 13 - MENCIÓN DEL TÍTULO
Título La torre de Londres
Resto del título : drama en cuatro actos y un prólogo /
Mención de responsabilidad, etc. arreglado del francés por Benito Chas de Lamotte.
260 ## - PUBLICACIÓN, DISTRIBUCIÓN, ETC.
Lugar de publicación, distribución, etc. Madrid :
Nombre del editor, distribuidor, etc. [Alonso Gullon],
Fecha de publicación, distribución, etc. 1860 (
Fabricante Imp. de José Rodríguez)
300 ## - DESCRIPCIÓN FÍSICA
Extensión 72 p. ;
Dimensiones 18 cm.
500 ## - NOTA GENERAL
Nota general En port.: Estrenado con general aplauso en el teatro del Circo de esta corte el dia 23 de abril de 1860.
852 ## - LOCALIZACIÓN
Ubicación ES-MaACL
Número de control de estantería F-8599(4)
Nota libre .- Enc. pasta española
condición física .- Falto de la cub. original
Nota libre .- Enc. en un vol. facticio formando parte de la col. facticia "Teatro español moderno", vol. 52
-- .- Firma ms. de Gustavo Saenz Diez, 1876
Holdings
Estatus retirado Estado de pérdida Estado de daño No para préstamo Colección Biblioteca de origen Biblioteca actual Ubicación en estantería Fecha de adquisición Fuente de adquisición Total de préstamos Signatura topográfica completa Código de barras Visto por última vez Precio de reemplazo Tipo de ítem Koha
        Libros del s. XIX Biblioteca del Ateneo de Madrid Biblioteca del Ateneo de Madrid Sala Pecera Planta 2 08/05/2009     F-8599(4) 1179758 23/02/2023 23/02/2023 Libro impreso antiguo